Groundwater flow and mass transport modeling: Theory and applications (Record no. 1636)

MARC details
000 -LEADER
fixed length control field 00509nam a2200169Ia 4500
008 - FIXED-LENGTH DATA ELEMENTS--GENERAL INFORMATION
fixed length control field 230917s9999||||xx |||||||||||||| ||und||
020 ## - ISBN
Price RS 1895.00
040 ## - CATALOGING SOURCE
-- 5006182
Original cataloging agency VIVEKANANDA LIBRARY
041 ## - Language
-- English
082 ## - DDC NUMBER
Classification number 551.490954 T325G
100 ## - MAIN ENTRY--PERSONAL NAME
Personal name Thangarajan, M
245 #0 - TITLE STATEMENT
Title Groundwater flow and mass transport modeling: Theory and applications
260 ## - PUBLICATION, DISTRIBUTION, ETC. (IMPRINT)
Place of publication, distribution, etc New Delhi
Name of publisher, distributor, etc Capital Publishing Company
Date of publication, distribution, etc 2007
300 ## - PHYSICAL DESCRIPTION
Pages xiv, 381 p.
500 ## - GENERAL NOTE
General note 4005 29/01/2020 CBP20/735 29/01/2020 Main Budget
942 ## - ADDED ENTRY ELEMENTS (KOHA)
Koha item type Books
Holdings
Withdrawn status Lost status Damaged status Not for loan Location (home branch) Sublocation or collection (holding branch) Shelving location Date acquired Koha issues (times borrowed) Koha full call number Accession No. Koha date last seen Koha item type
        VIVEKANANDA LIBRARY VIVEKANANDA LIBRARY UIET Library 13/02/2020   551.490954 T325G 396447 17/09/2023 Books
© Designed and Maintained by Vivekananda Library, MDU Rohtak